Elements pedagògics de la concepció metodològica del disseny / per Miquel Mallol
Descripción Física:
23 f. : mecanografiats ; 30 cm
Materias:
Disseny
MARC
| LEADER | 00000nam a2200000Ia 4500 | ||
|---|---|---|---|
| 001 | 2191 | ||
| 003 | BGR | ||
| 005 | 20260324175255.0 | ||
| 008 | 160829s9999 xx 000 0 cat d | ||
| 080 | |a FU-18-7 | ||
| 100 | |a Mallol, Miquel |9 24386 | ||
| 245 | |a Elements pedagògics de la concepció metodològica del disseny / per Miquel Mallol | ||
| 260 | |a Barcelona : |b Diputació de Barcelona. Servei d'Ensenyament, [1986] | ||
| 300 | |a 23 f. : |b mecanografiats ; |c 30 cm | ||
| 590 | |a Abans del títol, II Escola d'Estiu d'Art, Oficis i Disseny, juliol 86. | ||
| 590 | |a Col·labora el col·lectiu d'escoles públiques d'art i disseny de la província de Barcelona | ||
| 650 | |a Disseny |9 24387 | ||
| 710 | 1 | |a Barcelona (Catalunya : Província). |b Servei d'Ensenyament |9 54959 | |
| 710 | 2 | |a Col·lectiu d'Escoles Públiques d'Art i Disseny de la Província de Barcelona |9 70776 | |
| 711 | |a Escola d'Estiu d'Art, Oficis i Disseny |9 70775 |c (Barcelona: |d 1986) | ||
| 901 | |a Arxiu | ||
| 942 | |n 1 |2 udc |c MON | ||
| 952 | |0 0 |1 0 |4 0 |6 FU187 |7 1 |9 43125 |a Arxiu |b Arxiu |d 2016-12-01 |l 0 |o FU-18-7 |p 2191 |r 2016-12-01 00:00:00 |w 2016-12-01 |y ARXIU | ||
| 999 | |c 45669 |d 45669 | ||